000 00702cam a22002291 4500
001 af 48004948
003 DLC
005 20260227110911.0
008 890505s1943 gw 000 0 ger c
010 _aaf 48004948
035 _a(OCoLC)19660462
040 _aYale Univ. Library
_cCU
_dDLC
042 _apremarc
050 0 0 _aPT2623.O5
_bT7 1943
100 1 _aLommel, Ludwig Manfred.
245 1 0 _aTreibjagd in Runxendorf;
_beine lustige Geschichte um Paul Neugebauer,
_cvon Ludwig Manfred Lommel und Fritz Mardicke.
250 _a[5. Aufl.]
260 _aHamburg,
_bH. Müller
_c[c1943]
300 _a288 p.
_c20 cm.
440 0 _aLustige Reihe
700 1 _aMardicke, Fritz,
_d1895-
_ejoint author.
999 _c6283
_d6283